| 000 | 00422 a2200109 4500 | ||
|---|---|---|---|
| 001 | ART_13747 | ||
| 005 | 20260410161910.0 | ||
| 008 | 260409a | ||
| 245 | 1 | 0 | _aEl enfoque de recursos humanos para la planificación de la fuerza de trabajo, la educación y la distribución de los ingresos |
| 100 | 1 | _aCorrea, Héctor | |
| 773 | 0 |
_tDemografía y economía _g- Vol. XIV, Nº 41 (ene./mar. 1980) _wREV13200 |
|
| 999 |
_c26749 _d26749 |
||